000 04253nam0a22005291 4500
001 v19\rc\2109824
005 20260408083750.0
035 _a(NLR Aleph) 005185764
090 _a5164103
_c5164103
100 _a20090914d1804 |||y0rusy50 ca
101 1 _arus
_cger
102 _aRU
135 _acrcn 024anaba
140 _ay y zz yaa0000
200 1 _aОблако над святилищем, или Нечто такое, о чем гордая философия и грезить не смеет.
_fСочинение г. Эккартсгаузена, изданное в 1802 году
210 _aСанктпетербург
_cиждивением переводчика
_cв Императорской типографии
_d1804
215 _a[2], II, 154, [2] с.
_d12°
300 _aЦенз. (тит. л.): Спб. гражд. губернатор
300 _aНа с.I-II предисл. пер. с подписью: У. М. [Ученик Мудрости] (псевд. А.Ф.Лабзина)
300 _aПер. А. Ф. Лабзин
300 _aОт переводчика. У.М. [Ученик мудрости - псевд. А.Ф. Лабзина]
316 _aЭкз. РНБ (137/776) в составном картонном пер., рифленой черной кожей, с кожаными гладкими коричневым корешком и черными уголками. Корешок и уголки украшены рамками блинтового тиснения. Корешок гладкий, с золотым тиснением и загл.: "Облако". Внизу корешка золотого тиснения инициалы: "Н.С.". На нижней крышке пер. экслибрис рус. фонда ГПБ с шифром. Обрез тонированный красный. На форзаце ярлык с шифром РНБ. На нахзаце шрифт. ярлык переплетной мастерской П.О.Яблонского. На обороте тит. л. и с.33 круглый штамп ГПБ. Размер: 17,0х10,7х1,9 см
_5NLR: 137/776
325 _aКопия доступна в Электрон. б-ке РНБ
327 1 _aИз содерж.: Небо на земли, или Христос в сердцах чедовеческих: [стихотворение] (С.149-154)
464 0 _12001#$aНебо на земли, или Христос в сердцах чедовеческих$e[стихотворение]
_1215##$aС.149-154
_15171#$aХристос в сердцах чедовеческих
_1700#1$aЭккартсгаузен$bК. фон$f1752-1803$3RU\NLR\AUTH\7790795$gКарл фон
_tНебо на земли, или Христос в сердцах чедовеческих
_aЭккартсгаузен, Карл фон (1752-1803)
517 0 _aНечто такое, о чем гордая философия и грезить не смеет
620 _dСанкт-Петербург
700 1 _8rus
_7ca
_aЭккартсгаузен
_bК. фон
_f1752-1803
_gКарл фон
_3RU\NLR\AUTH\7790795
_973722
702 1 _4730
_8rus
_7ca
_aЛабзин
_bА. Ф.
_f1766-1825
_gАлександр Федорович
_3RU\NLR\AUTH\77127147
_9110071
702 1 _4110
_8rus
_7ca
_aЯблонский
_bП. О.
_f1845-1912
_gПетр Осипович
_3RU\NLR\AUTH\7753437
_936369
712 0 2 _4610
_aИмператорская типография Вейтбрехта
_cПетербург
_3RU\NLR\AUTH\8810171428
_9838690
790 0 _6z01702
_aУ.М.
790 0 _6z02702
_aУченик мудрости
801 0 _aRU
_bNLR
_gpsbo
801 1 _aRU
_bProSoft-M
_2rusmarc
852 _aNLR
_j18.81.6.22
852 _aNLR
_j137/776
852 _aNLR
_bМф
_jК1/19777
942 _cBOOK
980 _aNB
980 3 _akpnscan
981 2 0 _a(20) Книжные памятники РНБ
_b(20) Русский книжный фонд